000 00494nam a2200193Ia 4500
005 20230721095237.0
008 131103s9999 xx 000 0 und d
020 _a330285521
040 _aLoreto College
041 _aEnglish
082 _aF
_bCAR
100 _aCarver,Raymond
245 4 _aThe stories of Raymond Carver
_cRaymond Carver
260 _aLondon
_bPicador publised by Pan Books
_c1985
300 _a447 p.
650 _aFiction in English
850 _aLCLIB
942 _cBK
999 _c16461
_d66940